| 000 | 00411nam a2200169Ia 4500 | ||
|---|---|---|---|
| 008 | 230524s9999 xx 000 0 und d | ||
| 020 | _a9780143028574 | ||
| 082 | _bROY | ||
| 100 |
_aArundhati Roy _941736 |
||
| 245 | 4 | _aThe God of Small Things | |
| 250 | _a1 | ||
| 260 |
_aNew Delhi _bPenguin Book _c2002 |
||
| 300 | _a339p; | ||
| 500 | _aQuantity Number: 1 | ||
| 650 |
_aMisalliance _941737 |
||
| 942 | _cBK | ||
| 999 |
_c56191 _d56191 |
||